Zgadnij zmieniające się flagi #2 - Statystyki

Ogólne statystyki
  • Ten quiz został rozwiązany 224 razy
  • Średni wynik to 6 z 30
Statystyki odpowiedzi
Hint Odpowiedź % Poprawnych
Wszystkie pasy pokoloruj na niebiesko Somalia
97%
Przenieś gwiazdę w lewy górny róg, pokoloruj ją na żółto i dodaj przekątny, czerwony pas (prawy górny-lewy dolny) z żółtymi krawędziami Demokratyczna Republika Konga
55%
Usuń gwiazdę, pas pokoloruj na czarno, a lewy górny trójkąt na zielono Tanzania
35%
Pokoloruj trójkąty na czerwono, krawędzie na biało, i obróć o 90 stopni Trynidad i Tobago
32%
Pas pokoloruj na niebiesko, obróć w prawo o 45 stopni i dodaj kolejny, tym razem poziomy, taki sam pas Norwegia
24%
Zamień ze sobą kolor tła i kolor krzyża Islandia
23%
Dodaj kolejną gwiazdę po prawej stronie, oraz większą w lewym dolnym rogu, pokoloruj wszystkie gwiazdy na biało Australia
22%
Całą flagę pomniejsz i umieść w lewym górnym rogu, dodaj po prawej stronie 4 czerwone gwiazdy z białą obramówką Nowa Zelandia
22%
Dodaj kolejny taki krzyż, obrócony o 45 stopni i umieszczony za poprzednim krzyżem Wielka Brytania
22%
Usuń wszystko z flagi, pozostaw tylko tło i tę dużą gwiazdę, dodaj żółty, poziomy pas po środku Nauru
19%
W miejscu gwiazdy wstaw gwieździsty okrąg w kolorze żółtym, a pas pomaluj na czerwono i dodaj mu białe krawędzie Republika Zielonego Przylądka
15%
Usuń 49 gwiazd Liberia
14%
Zastąp ten symbol 50-cioma gwiazdami Stany Zjednoczone
14%
Dodaj na górnym pasie półksiężyc i 5 gwiazd Singapur
13%
Dolny pas pokoloruj na czerwono, usuń 4 gwiazdy, a pozostałe kształty umieść po środku Turcja
13%
Górny pas przenieś na sam dół i obróć w prawo o 90 stopni Belgia
12%
Usuń dolny pas Monako | Indonezja
12%
Usuń księżyc i gwiazdę, dolny pas pokoloruj na złoto i zamień miejscami pas górny i środkowy Niemcy
12%
Zamień ze sobą kolory pasa i jego krawędzi, wszystkich innych elementów flagi się pozbądź (łącznie z tłem) Austria
11%
Dodaj czarny, poziomy pas po środku, a powstały w wyniku tego dolny pas na zielono Libia
11%
Lewy pas pokoloruj na niebiesko Rumunia | Czad
11%
Zredukuj ilość pasów do dwóch tak, aby górny był biały, a dolny czerwony Chile
10%
Tło pokoloruj na niebiesko, umieść orła pod słońcem i dodaj po lewej stronie ornament Kazachstan
10%
Środkowy pas przenieś na lewą stronę, pokoloruj na czerwono i umieść na nim symbol Sojombo w kolorze żółtym Mongolia
10%
Usuń symbol, środkowy pas przenieś w lewy górny róg (tak, żeby powstał prostokąt) i umieść tam 5 białych gwiazd Samoa
10%
Gwiazdy zastąp białym słońcem Tajwan
10%
Przenieś słońce na środek, pokoloruj na żółto i usuń prostokąt z lewego górnego rogu Kirgistan
9%
Wszystkie niebieskie pasy pokoloruj na czerwono, a krzyż zastąp żółtym półksiężycem i gwiazdą Malezja
9%
Powstały z pasów krzyż pokoloruj na biało, pomniejsz, przesuń w lewy górny róg, a resztę flagi wypełnij na przemian białymi i niebieskimi pasami Grecja
8%
Usuń słońce i orła, z ornamentu zrób zwyczajny pas i dodaj kolejny, poziomy po środku Szwecja
8%
Nie znaleziono quizów pasujących do podanych kryteriów
Rozkład punktacji
Procent ludzi z każdym wynikiem
Percentyl według liczby udzielonych odpowiedzi
Twoja historia wyników
Nie rozwiązałeś tego quizu